O livro que se lê de olhos fechados (Registo nº 202034)
[ vista simples ]
| 000 -Etiqueta do registo | |
|---|---|
| Valores | 00752nam 22002533 4500 |
| 010 ## - Número ISBN | |
| ISBN | 978-989-23-1623-9 |
| 021 ## - Número do Depósito Legal | |
| Código do país | Portugal |
| Número | 332653/11 |
| 100 ## - Dados gerais de processamento | |
| Dados gerais | 20260505d u||y0pory50 ba |
| 101 ## - Língua de publicação | |
| Língua | Português |
| 102 ## - País de publicação | |
| País | Portugal |
| 200 ## - Titulo e menção de responsabilidade | |
| Título próprio | O livro que se lê de olhos fechados |
| Primeira menção de responsabilidade | Álvaro Magalhães |
| Outras menções de responsabilidade | ilustração Carlos J. Campos |
| 205 ## - Menção da edição | |
| Edição | 1ª |
| 210 ## - Publicação | |
| Local de publicação | Lisboa |
| Nome do editor | Edições ASA |
| Data de publicação | 2011 |
| 215 ## - Descrição física | |
| Paginação / Volumes | 109, [3] p. |
| Outras indicações físicas | il. ; brochado |
| Dimensões | 19 cm |
| 225 ## - Colecção | |
| Título próprio da colecção | Novas Crónicas do Vampiro Valentim |
| Número de parte ou secção | 11 |
| 606 ## - Nome comum usado como assunto | |
| ID Autoridade | 51 |
| Palavra de ordem | Literatura Juvenil Portuguesa |
| 675 ## - CDU | |
| Notação | 821.134.3-93 |
| Edição | PT |
| Língua | por |
| 700 ## - Autor principal (pessoa individual) | |
| ID Autoridade | 902 |
| Apelido | Magalhães |
| Nome | Álvaro |
| Datas | 1951- |
| 702 ## - Autor secundário (pessoa individual) | |
| ID Autoridade | 2292 |
| Apelido | Campos |
| Nome | Carlos J. |
| 801 ## - Fonte de origem | |
| País | PT |
| Agência | BMMN |
| Regras de catalogação | RPC |
| 830 ## - Notas gerais do catalogador | |
| Criado por | Isabel |
| 990 ## - Elementos KOHA | |
| Tipo de documento | Livro |
| Situação do levantamento | Biblioteca de origem | Código de barras | Cota | Permissão de empréstimo | Tipo de documento | Forma de aquisição |
|---|---|---|---|---|---|---|
| Biblioteca Municipal de Montemor-o-Novo | 31447 | 821.134.3-93 MAG|AIJ | Livro | Oferta |